[Event "Hessen-ch op-B"]
[Site "Frankfurt Sossenheim"]
[Date "2015.??.??"]
[Round "3"]
[White "Liebske, Erwin"]
[Black "Boehme, Jonas"]
[Result "0-1"]
[WhiteElo "1643"]
[BlackElo "1095"]
[PlyCount "90"]
[EventDate "2015.05.13"]
[EventType "swiss"]
[EventRounds "7"]
[EventCountry "GER"]
[SourceTitle "EXT 2016"]
[Source "ChessBase"]
[SourceDate "2015.10.08"]
[SourceVersion "1"]
[SourceVersionDate "2015.10.08"]
[SourceQuality "1"]

1. d4 f5 2. f4 Nf6 3. Nf3 g6 4. e3 Bg7 5. Be2 0-0 6. 0-0 d6 7. Nc3 b6 8. Bc4+ Kh8 9. Ng5 d5 10. Qf3 c6 11. Bb3 h6 12. Qh3 Nh5 13. Nf3 Nf6 14. Ne5 Qe8 15. Qg3 Ng4 16. Nf3 Nd7 17. h3 Ngf6 18. Nh4 Kh7 19. Bd2 Nh5 20. Qf2 Ba6 21. Rfc1 Ndf6 22. Nf3 Ne4 23. Nxe4 fxe4 24. Nh2 Qf7 25. g4 Nf6 26. Bb4 Rac8 27. c3 Nd7 28. Qd2 Bd3 29. Bc2 Ba6 30. Bd1 c5 31. dxc5 Nxc5 32. Bxc5 bxc5 33. Be2 Bxe2 34. Qxe2 d4 35. cxd4 cxd4 36. Rxc8 Rxc8 37. exd4 Bxd4+ 38. Kg2 Qxf4 39. Re1 e3 40. Nf1 Qe4+ 41. Kg1 Rc2 42. Ng3 Rxe2 43. Rxe2 Qf3 44. Rg2 e2+ 45. Kh2 e1Q 0-1

[Event "Frankfurt-ch"]
[Site "Frankfurt"]
[Date "2005.06.06"]
[Round "6"]
[White "Liebske, Erwin"]
[Black "Gottlieb, Herbert"]
[Result "0-1"]
[WhiteElo "1702"]
[BlackElo "1579"]
[PlyCount "44"]
[EventDate "2005.04.25"]
[EventType "swiss"]
[EventRounds "7"]
[EventCountry "GER"]
[SourceTitle "EXT 2006"]
[Source "ChessBase"]
[SourceDate "2005.11.24"]
[SourceVersion "1"]
[SourceVersionDate "2005.11.24"]
[SourceQuality "1"]

1. Nf3 Nf6 2. d4 e6 3. Bg5 Be7 4. Nbd2 c5 5. dxc5 Bxc5 6. Nb3 Be7 7. c4 b6 8. Qc2 Bb7 9. Bxf6 Bxf6 10. e4 Nc6 11. a3 Rc8 12. Rd1 0-0 13. Qd2 Ne5 14. Nxe5 Bxe5 15. Bd3 f5 16. f4 Bxf4 17. Qxf4 fxe4 18. Qg3 exd3 19. Qxd3 Qh4+ 20. Qg3 Qe4+ 21. Kd2 Rxc4 22. Qd3 Rf2+ 0-1